LEADER 01817nas 2200517-a 450 001 9910689399803321 005 20240413022705.0 024 7 $aHJ9011 035 $a(CKB)110978978188660 035 $a(CONSER)---74648912- 035 $a(EXLCZ)99110978978188660 100 $a20750213b19641992 -a- a 101 0 $aeng 181 $ctxt$2rdacontent 182 $cc$2rdamedia 183 $acr$2rdacarrier 200 00$aCity government finances in .. 210 $aWashington, D.C. $cU.S. Department of Commerce, Bureau of the Census$d1965-1996 215 $a1 online resource 225 1 $a1963/64: G-CF ;$vno. 1 225 1 $a1964/65-1991/92: Government finances: GF 311 08$aPrint version: City government finances in ... 0082-9439 (DLC) 74648912 (OCoLC)1796776 410 0$aCity finances. 410 0$aGovernment finances. 517 1 $aCity government finances 531 $aCURRENT GOVERNMENTS REPORTS CITY GOVERNMENT FINANCES 606 $aMunicipal finance$zUnited States$vStatistics$vPeriodicals 606 $aLocal finance$zUnited States$vStatistics$vPeriodicals 606 $aLocal finance$2fast$3(OCoLC)fst01001253 606 $aMunicipal finance$2fast$3(OCoLC)fst01029264 607 $aUnited States$2fast$1https://id.oclc.org/worldcat/entity/E39PBJtxgQXMWqmjMjjwXRHgrq 608 $aPeriodicals.$2fast 608 $aStatistics.$2fast 608 $aStatistics.$2lcgft 608 $aPeriodicals.$2lcgft 615 0$aMunicipal finance 615 0$aLocal finance 615 7$aLocal finance. 615 7$aMunicipal finance. 676 $a336.73 712 02$aUnited States.$bBureau of the Census. 906 $aJOURNAL 912 $a9910689399803321 920 $aexl_impl conversion 996 $aCity government finances in .$93144542 997 $aUNINA LEADER 02892nam 2200661Ia 450 001 9910958635203321 005 20251116152219.0 010 $a1-280-37334-2 010 $a9786610373345 010 $a0-8213-6094-9 024 7 $a10.1596/978-0-8213-6093-4 035 $a(CKB)1000000000225188 035 $a(EBL)459350 035 $a(OCoLC)65196855 035 $a(SSID)ssj0000085370 035 $a(PQKBManifestationID)11120961 035 $a(PQKBTitleCode)TC0000085370 035 $a(PQKBWorkID)10010529 035 $a(PQKB)10575064 035 $a(MiAaPQ)EBC459350 035 $a(Au-PeEL)EBL459350 035 $a(CaPaEBR)ebr10116558 035 $a(CaONFJC)MIL37334 035 $a(The World Bank)2186 035 $a(US-djbf)2186 035 $a(EXLCZ)991000000000225188 100 $a19960408d2006 uf 0 101 0 $aeng 135 $aurcn||||||||| 181 $ctxt$2rdacontent 182 $cc$2rdamedia 183 $acr$2rdacarrier 200 10$aAnnual World Bank Conference on Development Economics 2006 $egrowth and integration (Senegal proceedings) /$fedited by Francois Bourguignon and Boris Pleskovic 205 $a1st ed. 210 $aWashington, D.C. $cWorld Bank$d2006 215 $a1 online resource (246 pages) 225 1 $aAnnual World Bank Conference on Development Economics 300 $aDescription based upon print version of record. 311 08$a0-8213-6093-0 327 $aContents; ABOUT THIS BOOK; INTRODUCTION AND SUMMARY; WELCOME ADDRESS; OPENING ADDRESS; KEYNOTE ADDRESS; Growth and Integration; Financial Reforms; Economic Development; Trade and Development; Investment Climate 330 3 $aThe Annual World Bank Conference on Development Economics (ABCDE) brings together the world's leading scholars and development practitioners for a lively debate on state-of-the-art thinking in development policy and the implications for the global economy. The 17th conference was held in Dakar, Senegal, on January 27, 2005. The theme of the conference was growth and integration, which was divided into five topics: growth and integration, financial reforms, economic development, trade and development, and investment climate. 410 0$aAnnual World Bank Conference on Development Economics 410 0$aWorld Bank e-Library. 606 $aDevelopment economics$vPeriodicals 607 $aDeveloping countries$xEconomic conditions$vPeriodicals 607 $aDeveloping countries$xEconomic policy$vPeriodicals 615 0$aDevelopment economics 676 $a330.9172/4 701 $aBourguignon$b Franc?ois$0374856 701 $aPleskovic$b Boris$0126701 712 02$aWorld Bank. 801 0$bMiAaPQ 801 1$bMiAaPQ 801 2$bMiAaPQ 906 $aBOOK 912 $a9910958635203321 996 $aAnnual World Bank Conference on Development Economics 2006$94532441 997 $aUNINA